000 00873cam a2200277 4500
001 J2584
008 090401t1994 xxu||||| |||| 00| 0 eng d
035 _a(Sirsi) u49931
041 _aeng
050 _a333.73
110 _aUnited Kingdom
_bDepartment of the Environment
_9982
245 2 _aA framework for assessing the impact of contaminated land on groundwater and surface water. Volume one.
260 _aLondon
_bDepartment of the Environment
_c1994
300 _a49,(180)p. : ill. ; 30cm.
350 _a7
490 _aContaminated Land Research Report
_v1
490 _aCommonwealth Law Reports
_v1
520 _aPrepared by Aspinwall and Company for the DoE.
650 _aCONTAMINATED LAND
650 _aSURFACE WATER
650 _aWATER POLLUTION
690 _aWATER
710 _aAspinwall and Company
_9900
942 _n0
948 _c04/03/1997
999 _c92626
_d92626